| 000 | 00317nam a22001337a 4500 | ||
|---|---|---|---|
| 020 | _qHB. | ||
| 040 | _cFIZZA ISHAQ | ||
| 082 |
_a624.193 _bDEA |
||
| 100 |
_aBROX,DEAN. _9110064 |
||
| 245 |
_aPRACTICAL GUIDE TO ROCK TUNNELLING / _cDEAN BROX. |
||
| 260 |
_bCRC PRESS, _c2017. |
||
| 300 | _a248 P. ; | ||
| 942 |
_2ddc _cBK |
||
| 999 |
_c593609 _d593609 |
||